000 00719nai a2200193Ia 4500
003 IN-BaIIA
008 211028c9999 xx s 000 0 eng d
022 _a0018-9480 (Print)
022 _a1557-9670 (Online)
040 _cIIA Library
245 0 _aIEEE Transactions on Microwave Theory and Techniques
_h[eJournal]
260 _aNew York, USA
_bThe Institute of Electrical and Electronics Engineers, Inc. (IEEE)
310 _aMonthly
362 _a11(1); 1963 - Present
521 _bSubscribed through National Knowledge Resource Consortium (NKRC)
650 _aFields, Waves and Electromagnetics
856 _uhttps://ieeexplore.ieee.org/servlet/opac?punumber=22
_yClick Here to Access eJournal
942 _cEJ
999 _c34700
_d34700